000 00252nam a2200109Ia 4500
008 190914s9999||||xx |||||||||||||| ||und||
100 _aGomez-Mejia
245 0 _aManaging Human Resources
260 _aIndia
_bOxford
_c2009
300 _a24
942 _cBK
999 _c10079
_d10079